| 000 | 00454cam a2200181ua 4500 | ||
|---|---|---|---|
| 001 | 2636 | ||
| 008 | 110829n ii |||gr||||Z||||||asm | ||
| 040 | _cMAIN | ||
| 082 | _a491.4515 | ||
| 100 | 1 |
_aSaikia, Nagen, _eAuthor. |
|
| 245 | 1 | 1 |
_aAsamiya lipi samajya _ced. by Nagen Saikia |
| 250 | _a1st. | ||
| 260 |
_aJorhat: _bAsam sahitya sabha,975. |
||
| 300 |
_a109p: _c23cm. |
||
| 653 | _aAssamese language | ||
| 653 | _aAsamiya lipi samajya | ||
| 942 | _cBK | ||
| 999 |
_c2487 _d2487 |
||